<?xml version="1.0" encoding="UTF-8"?>
<collection xmlns="http://www.loc.gov/MARC21/slim">
 <record>
  <leader>00556pamaa2200169   4500</leader>
  <controlfield tag="001">0000017291</controlfield>
  <controlfield tag="005">20060601090000.0</controlfield>
  <datafield tag="020" ind1="0" ind2="0">
   <subfield code="a">0860689131 </subfield>
  </datafield>
  <datafield tag="082" ind1=" " ind2=" ">
   <subfield code="a">941.085 BIT</subfield>
  </datafield>
  <datafield tag="090" ind1="0" ind2="0">
   <subfield code="a">HQ799 </subfield>
   <subfield code="b">BIT</subfield>
  </datafield>
  <datafield tag="245" ind1="0" ind2="0">
   <subfield code="a">BITTER-SWEET dreams : </subfield>
   <subfield code="b">girls' and young women's own stories  </subfield>
   <subfield code="c">by the readers of Just Seventeen ; introduced by Janice Long ; collected by Lenore Goodings.</subfield>
  </datafield>
  <datafield tag="260" ind1="0" ind2="0">
   <subfield code="a">London: </subfield>
   <subfield code="b">Virago Press, </subfield>
   <subfield code="c">1987.</subfield>
  </datafield>
  <datafield tag="300" ind1=" " ind2=" ">
   <subfield code="a">200p.: </subfield>
   <subfield code="b">20cm.</subfield>
  </datafield>
  <datafield tag="650" ind1="0" ind2="0">
   <subfield code="a">Youth -- </subfield>
   <subfield code="z">Great Britain </subfield>
  </datafield>
  <datafield tag="700" ind1="1" ind2="1">
   <subfield code="a">Long, </subfield>
   <subfield code="h">Janice </subfield>
  </datafield>
  <datafield tag="700" ind1="1" ind2="1">
   <subfield code="a">Goodings, </subfield>
   <subfield code="h">Lenore </subfield>
  </datafield>
  <datafield tag="710" ind1="1" ind2="1">
   <subfield code="a">Just Seventeen </subfield>
  </datafield>
 </record>
</collection>
